000 00635nam a2200193 i 4500
001 128555
003 ES-MaACL
005 20250719063315.0
007 t|
008 070518s1955 sp ||||1| spa d
080 _a891.1-34"19"
100 1 _aTagore, Rabindranath,
_d1861-1941
_9109071
245 1 4 _aLas piedras hambrientas y otros cuentos /
_cRabindranath Tagore ; traducción de Zenobia Camprubí de Jiménez.
260 _aMadrid :
_bAfrodisio Aguado,
_c[1955]
300 _a285 p. ;
_c18 cm.
700 1 _aCamprubí de Jiménez, Zenobia.
_934307
852 _aES-MaACL
_jC-9770
_bR.37578
999 _c128555
_d128555